[Event "Stay Safe Play From Home 164"]
[Site "T#646228Emanuel Laske"]
[Date "2020.05.21"]
[Round "6"]
[White "Lamborghini"]
[Black "Mepe_Nika"]
[Result "0-1"]
[WhiteElo "2212"]
[BlackElo "2294"]
[Annotator "TA"]
[PlyCount "94"]
[EventDate "2020.05.21"]
[EventType "swiss (blitz)"]

{[%evp 16,93,-10,-14,-20,-27,0,-33,-8,-16,0,-12,-10,-18,0,0,0,8,116,-70,-52,-66,25,17,23,30,103,19,171,155,150,-68,-83,-72,-64,-71,-69,-385,-390,-481,-480,-480,-476,-541,-532,-522,-499,-650,-645,-616,-563,-564,-550,-703,-638,-1128,-1117,-1031,-767,-29977,-29978,-29989,-29990,-29989,-29989,-29988,-29989,-29989,-29990,-29991,-29991,-29992,-29992,-29992,-29993,-29994,-29995,-29997,-29998,-29999]} 1. e4 e5 2. Nf3 Nc6 3. Bb5 a6 4. Ba4 Nf6 5. Qe2 b5 6. Bb3 Bc5 7. O-O d6 8. c3 O-O 9. h3 Bb6 {C77: Ruy Lopez: 3...a6 4 Ba4 Nf6, unusual lines.} 10. Rd1 Be6 11. Bc2 d5 {Black is slightly better.} 12. d3 {[#]} Re8 $146 ({Predecessor:} 12... h6 13. Nbd2 Re8 14. Nf1 Qd7 15. a4 Rad8 16. axb5 axb5 17. N3h2 Qe7 18. Ng3 Nh7 {1-0 (46) Paveto,K (2406)-Di Giannantonio,N (2314) Buenos Aires 2015}) 13. Bg5 h6 14. Bh4 Qe7 15. Nbd2 Rad8 16. a4 b4 (16... d4 $11) 17. Nf1 $2 (17. a5 $16 Nxa5 18. Nxe5) 17... bxc3 $15 18. bxc3 dxe4 (18... Ba5 $1 $15 19. c4 d4) 19. dxe4 $11 Rxd1 20. Rxd1 Rd8 (20... Na5 $11 {remains equal.}) 21. Ng3 ({Much weaker is} 21. Qxa6 $6 Rxd1 22. Bxd1 Qc5 $11) (21. Rxd8+ $16 Qxd8 22. Qxa6) 21... g5 $2 {[#]} (21... Rxd1+ $11 {and Black is okay.} 22. Bxd1 a5) 22. Nxg5 $1 $18 {[%mdl 512]} Rxd1+ (22... hxg5 23. Bxg5) 23. Qxd1 $2 (23. Bxd1 $16 {aiming for Nf3.} hxg5 24. Bxg5) 23... hxg5 $15 24. Bxg5 {Black must now prevent Qf3.} Qc5 $1 {[%csl LRc3,LRf2][%mdl 64] Double Attack} 25. Qf3 Nh7 {Black keeps a firm grip on the game.} 26. Be3 $2 {[%mdl 8192]} ({White should try} 26. Bh6 $15) 26... Qxc3 $19 27. Bxb6 Qxf3 (27... Qxc2 $2 28. Be3 $19) 28. gxf3 cxb6 29. Bd3 Nb4 30. Be2 Bd7 31. f4 exf4 32. Nh5 f3 33. Bxf3 Bxa4 34. e5 Bd7 35. Be4 a5 36. f4 Nf8 37. Bh7+ Nxh7 {Black mates.} 38. Nf6+ Nxf6 39. Kf2 Ne4+ 40. Kf3 Nc5 41. f5 a4 42. Kf4 {[#]} Bxf5 $1 43. e6 (43. Kxf5 a3) 43... Nxe6+ 44. Kg3 a3 45. Kh4 a2 46. Kh5 a1=Q {[%cal Ra1h8]} 47. h4 Qh8# {Accuracy: White = 40%, Black = 62%.} 0-1

[Event "Stay Safe Play From Home 164"]
[Site "T#646228Emanuel Laske"]
[Date "2020.05.21"]
[Round "6"]
[White "SoulofWolf"]
[Black "Klausen"]
[Result "1-0"]
[WhiteElo "2122"]
[BlackElo "1810"]
[Annotator "RC"]
[PlyCount "75"]
[EventDate "2020.05.21"]
[EventType "swiss (blitz)"]

1. d4 {[%emt 0:00:01]} e6 {[%emt 0:00:02]} 2. Nf3 {[%emt 0:00:00]} d5 {[%emt 0:00:01]} 3. Bg5 {[%emt 0:00:00]} Nf6 {[%emt 0:00:01]} 4. h4 {[%emt 0:00:01]} Be7 {[%emt 0:00:02]} 5. e3 {[%emt 0:00:00]} Ne4 {[%emt 0:00:01]} 6. Bf4 {[%emt 0:00:01]} c5 {[%emt 0:00:01]} 7. c3 {[%emt 0:00:01]} cxd4 {[%emt 0:00:01]} 8. exd4 {[%emt 0:00:00]} Nc6 {[%emt 0:00:01]} 9. Nbd2 {[%emt 0:00:01]} Bd6 {[%emt 0:00:01]} 10. Nxe4 {[%emt 0:00:02]} Bxf4 {[%emt 0:00:02]} 11. Nc5 {[%emt 0:00:02]} O-O {[%emt 0:00:02]} 12. Bd3 {[%emt 0:00:01]} Bd6 {[%emt 0:00:02]} 13. Bb1 {[%emt 0:00:03]} f5 {[%emt 0:00:02]} 14. Nb3 {[%emt 0:00:01]} Bd7 {[%emt 0:00:02]} 15. Ng5 {[%emt 0:00:01]} h6 {[%emt 0:00:02]} 16. Nf3 {[%emt 0:00:01]} Qf6 {[%emt 0:00:01]} 17. g3 {[%emt 0:00:01]} Rad8 {[%emt 0:00:02]} 18. Bd3 {[%emt 0:00:02]} e5 {[%emt 0:00:02]} 19. dxe5 {[%emt 0:00:00]} Nxe5 {[%emt 0:00:02]} 20. Nxe5 {[%emt 0:00:01]} Qxe5+ {[%emt 0:00:01]} 21. Qe2 {[%emt 0:00:01]} Qf6 {[%emt 0:00:01]} 22. O-O-O {[%emt 0:00:01]} f4 {[%emt 0:00:01]} 23. Qc2 {[%emt 0:00:01]} fxg3 {[%emt 0:00:02]} 24. fxg3 {[%emt 0:00:00]} Bxg3 {[%emt 0:00:01]} 25. Rdg1 {[%emt 0:00:00]} Bf4+ {[%emt 0:00:02]} 26. Kb1 {[%emt 0:00:00]} Bf5 {[%emt 0:00:01]} 27. Nd4 {[%emt 0:00:01]} Bxd3 {[%emt 0:00:02]} 28. Qxd3 {[%emt 0:00:00]} Be5 {[%emt 0:00:01]} 29. Rg6 {[%emt 0:00:04]} Qf4 {[%emt 0:00:03]} 30. Rhg1 {[%emt 0:00:01]} Bxd4 {[%emt 0:00:02]} 31. cxd4 {[%emt 0:00:00]} Rf7 {[%emt 0:00:02]} 32. a3 {[%emt 0:00:03]} Qe4 {[%emt 0:00:01]} 33. Qxe4 {[%emt 0:00:02]} dxe4 {[%emt 0:00:01]} 34. Rxh6 {[%emt 0:00:00]} Rxd4 {[%emt 0:00:02]} 35. Re6 {[%emt 0:00:02]} e3 {[%emt 0:00:01]} 36. Rxe3 {[%emt 0:00:01]} Rd3 {[%emt 0:00:01]} 37. Rxd3 {[%emt 0:00:01]} Rf1+ {[%emt 0:00:01]} 38. Rxf1 {[%emt 0:00:01] Zeit (Lag: Av=0.36s, max=0.9s)} 1-0

[Event "Stay Safe Play From Home 164"]
[Site "T#646228Emanuel Laske"]
[Date "2020.05.21"]
[Round "6"]
[White "Lazieri3"]
[Black "SecantFX"]
[Result "1-0"]
[WhiteElo "2121"]
[BlackElo "1909"]
[Annotator "TA"]
[PlyCount "39"]
[EventDate "2020.05.21"]
[EventType "swiss (blitz)"]

{[%evp 9,38,85,85,85,127,85,120,127,173,193,421,236,462,438,429,319,290,204,259,0,252,71,171,-10,29985,29986,29991,29992,29998,29999,29999]} 1. e4 b6 2. Nc3 Bb7 3. d4 c6 4. Nf3 g6 5. Be3 Bg7 {[#]} 6. Qd2 $146 {B00: Queen's Fianchetto Defence, Nimzowitsch Defence.} ({Predecessor:} 6. Bd3 Nf6 7. Qd2 O-O 8. Bh6 Ne8 9. Ne2 d5 10. exd5 Qxd5 11. Bxg7 Kxg7 12. Qe3 {0-1 (45) Roloff,K (1588)-Stark,S (1474) Berlin 2017}) 6... e6 7. Be2 Ne7 8. Bh6 {White is better.} O-O 9. h4 f5 $2 {[#]} (9... Bxh6 10. Qxh6 f6) 10. h5 (10. Bxg7 $142 Kxg7 11. h5) 10... Rf7 $2 (10... fxe4 11. Bxg7 (11. Nxe4 Bxh6 12. Qxh6 Nf5 $14) 11... exf3) 11. hxg6 Nxg6 12. Bxg7 Rxg7 13. Qh6 Qe7 14. Ng5 $2 ({White should play} 14. exf5 $18 exf5 15. O-O-O) 14... fxe4 $2 {[%mdl 8192] [#]} (14... Nf4 $11 {and Black is okay.} 15. Nf3 Nxe2 16. Kxe2 c5) 15. Ncxe4 $2 ({Weaker is} 15. Ngxe4 d5 $16) (15. Nxh7 $1 $18 {is the precise move to win.} Rxh7 16. Qxg6+ {[%mdl 64] Double Attack} Rg7 17. Qxe4) 15... d5 (15... c5 $16) 16. Nxh7 $2 (16. Bg4 $18 Bc8 17. Nd2) 16... Rxh7 $2 {[%mdl 8192] Now Black is done in.} (16... dxe4 $11 17. Ng5 Nd7) 17. Qxg6+ {White mates.} Rg7 18. Nf6+ Kf8 19. Rh8+ Rg8 20. Rxg8# {Accuracy: White = 35%, Black = 14%.} 1-0

[Event "Stay Safe Play From Home 164"]
[Site "T#646228Emanuel Laske"]
[Date "2020.05.21"]
[Round "6"]
[White "Castlingarrocco"]
[Black "Trotsky"]
[Result "1-0"]
[WhiteElo "2022"]
[BlackElo "1566"]
[Annotator "TA"]
[PlyCount "67"]
[EventDate "2020.05.21"]
[EventType "swiss (blitz)"]

{[%evp 13,67,0,10,-19,-16,-21,-17,-39,-20,-33,-10,-26,-21,-44,10,26,31,-48,39,-37,14,-75,250,262,268,251,441,360,355,287,276,181,175,7,0,12,279,263,1462,1454,29988,5119,1992,1680,5323,5355,5143,5139,5106,5096,29988,29989,29995,29995,29995,29994]} 1. d4 d5 2. e3 e6 3. Nf3 c5 4. c4 Nc6 5. Nc3 Nf6 6. dxc5 Bxc5 7. cxd5 exd5 8. Nd4 {[#] D32: Tarrasch Defence: Sidelines and lines without g3.} Be6 $146 ({Predecessor:} 8... Nxd4 9. exd4 Bb6 10. Be2 O-O 11. O-O Re8 12. Bg5 Be6 13. Bf3 h6 14. Bxf6 Qxf6 15. Nxd5 Bxd5 16. Bxd5 Qxd4 {0-1 (23) Gasparyan,M (1459)-Li,D (1182) Prague 2016}) 9. Nxe6 fxe6 10. Bb5 {The position is equal.} Qc7 11. Bxc6+ bxc6 12. Qe2 Bd6 13. g3 O-O-O (13... h5 $15) 14. O-O h5 15. f4 ({White should play} 15. h4 $14) 15... Ng4 (15... e5 $15) 16. e4 (16. Bd2 $14) 16... g5 (16... d4 $15 17. Qa6+ Qb7 18. Qxb7+ Kxb7) 17. fxg5 {[#]} (17. e5 $11 {keeps the balance.} Bc5+ 18. Kg2) 17... Bxg3 $2 {[%mdl 8192]} (17... d4 $1 $17 {[%cal Rd4d3] and life is bright. ...d3! is the strong threat.} 18. e5 d3) 18. hxg3 $18 Qxg3+ 19. Qg2 Qh4 $2 (19... Qd3 20. Kh1 Rdf8) 20. Bf4 e5 21. Bg3 (21. exd5 exf4 22. Rxf4 Qxg5 $17) 21... Qxg5 22. exd5 {And now Rae1 would win.} h4 {[#]} 23. Be1 $2 (23. Ne4 $1 $18 {[%cal Re4g5]} Qe3+ 24. Bf2) 23... h3 $11 24. Qg3 {Black must now prevent d6.} h2+ $2 {[%mdl 8192]} (24... Rhg8 $11 25. Kh1 (25. Qxh3 Qe3+ 26. Qxe3 Nxe3+ 27. Kf2 Nxf1 $15) (25. dxc6 Ne3 $17) 25... Qg6) 25. Kh1 $18 Rh4 $2 (25... Rdg8 26. d6 (26. dxc6 Qg6 $16) 26... Ne3) 26. Qxh4 Qh6 27. Qxh6 (27. Qxg4+ $142 Kb8 28. Qb4+ Kc8 29. Rf7 Rd7 30. Rf8+ Qxf8 31. Qxf8+ Rd8 32. Qf5+ {[%mdl 64] Double Attack} Kc7 33. Qxe5+ {[%mdl 64] Double Attack} Kb6 34. dxc6) 27... Nxh6 28. Bg3 Ng4 29. dxc6 Kc7 30. Rf7+ Kxc6 31. Rc1 Rd2 32. Ne4+ {White mates.} Kb5 33. Nxd2 e4 34. Bxh2 {Accuracy: White = 47%, Black = 28%.} 1-0

[Event "Stay Safe Play From Home 164"]
[Site "T#646228Emanuel Laske"]
[Date "2020.05.21"]
[Round "6"]
[White "Matanant"]
[Black "Sfantul321"]
[Result "1-0"]
[WhiteElo "1728"]
[BlackElo "1970"]
[Annotator "NA"]
[PlyCount "79"]
[EventDate "2020.05.21"]
[EventType "swiss (blitz)"]

1. b3 {[%emt 0:00:01]} g6 {[%emt 0:00:00]} 2. Bb2 {[%emt 0:00:01]} Nf6 {[%emt 0:00:01]} 3. e4 {[%emt 0:00:01]} Bg7 {[%emt 0:00:01]} 4. f4 {[%emt 0:00:00]} d6 {[%emt 0:00:01]} 5. Nf3 {[%emt 0:00:01]} O-O {[%emt 0:00:01]} 6. e5 {[%emt 0:00:00]} dxe5 {[%emt 0:00:02]} 7. fxe5 {[%emt 0:00:00]} Ng4 {[%emt 0:00:01]} 8. h3 {[%emt 0:00:02]} Nh6 {[%emt 0:00:01]} 9. g4 {[%emt 0:00:01]} Nc6 {[%emt 0:00:01]} 10. d4 {[%emt 0:00:01]} Nxg4 {[%emt 0:00:02]} 11. hxg4 {[%emt 0:00:02]} Bxg4 {[%emt 0:00:01]} 12. Be2 {[%emt 0:00:01]} f6 {[%emt 0:00:02]} 13. Nbd2 {[%emt 0:00:03]} fxe5 {[%emt 0:00:02]} 14. Nxe5 {[%emt 0:00:03]} Nxe5 {[%emt 0:00:03]} 15. dxe5 {[%emt 0:00:03]} Bf5 {[%emt 0:00:01]} 16. Bf3 {[%emt 0:00:06]} c6 {[%emt 0:00:01]} 17. Qe2 {[%emt 0:00:02]} e6 {[%emt 0:00:02]} 18. O-O-O {[%emt 0:00:02]} Qa5 {[%emt 0:00:03]} 19. Qh2 {[%emt 0:00:00]} h6 {[%emt 0:00:03]} 20. Kb1 {[%emt 0:00:01]} b5 {[%emt 0:00:02]} 21. Be4 {[%emt 0:00:00]} Qb6 {[%emt 0:00:02]} 22. Bxf5 {[%emt 0:00:01]} exf5 {[%emt 0:00:00]} 23. Nf3 {[%emt 0:00:01]} a5 {[%emt 0:00:04]} 24. Nh4 {[%emt 0:00:00]} c5 {[%emt 0:00:02]} 25. Rd6 {[%emt 0:00:02]} Qd8 {[%emt 0:00:03]} 26. Rxg6 {[%emt 0:00:00]} Kf7 {[%emt 0:00:02]} 27. Rhg1 {[%emt 0:00:00]} Bh8 {[%emt 0:00:02]} 28. Nxf5 {[%emt 0:00:01]} Qc8 {[%emt 0:00:02]} 29. Nd6+ {[%emt 0:00:00]} Ke7 {[%emt 0:00:01]} 30. Qh4+ {[%emt 0:00:01]} Kd7 {[%emt 0:00:01]} 31. Qg4+ {[%emt 0:00:04]} Kc7 {[%emt 0:00:01]} 32. Qxc8+ {[%emt 0:00:01]} Raxc8 {[%emt 0:00:01]} 33. Nxb5+ {[%emt 0:00:00]} Kb7 {[%emt 0:00:02]} 34. Nd6+ {[%emt 0:00:00]} Ka6 {[%emt 0:00:01]} 35. Nxc8+ {[%emt 0:00:00]} Kb5 {[%emt 0:00:01]} 36. Rg8 {[%emt 0:00:00]} Rxg8 {[%emt 0:00:01]} 37. Rxg8 {[%emt 0:00:01]} Bxe5 {[%emt 0:00:00]} 38. a4+ {[%emt 0:00:01]} Kc6 {[%emt 0:00:01]} 39. Ne7+ {[%emt 0:00:01]} Kd7 {[%emt 0:00:03]} 40. Nf5 {[%emt 0:00:00] Time (Lag: Av=0.48s, max=0.9s)} 1-0

[Event "Stay Safe Play From Home 164"]
[Site "T#646228Emanuel Laske"]
[Date "2020.05.21"]
[Round "6"]
[White "Emresenar"]
[Black "Haris kollari 13"]
[Result "1-0"]
[WhiteElo "1723"]
[BlackElo "1675"]
[Annotator "NA"]
[PlyCount "69"]
[EventDate "2020.05.21"]
[EventType "swiss (blitz)"]

1. e4 {[%emt 0:00:02]} e6 {[%emt 0:00:00]} 2. Nf3 {[%emt 0:00:01]} d5 {[%emt 0:00:00]} 3. exd5 {[%emt 0:00:00]} exd5 {[%emt 0:00:01]} 4. d3 {[%emt 0:00:00]} c5 {[%emt 0:00:01]} 5. Bd2 {[%emt 0:00:00]} Nc6 {[%emt 0:00:01]} 6. Nc3 {[%emt 0:00:00]} Bg4 {[%emt 0:00:01]} 7. Be2 {[%emt 0:00:01]} Nf6 {[%emt 0:00:01]} 8. h3 {[%emt 0:00:00]} Bh5 {[%emt 0:00:01]} 9. g4 {[%emt 0:00:01]} Bg6 {[%emt 0:00:01]} 10. Bg5 {[%emt 0:00:04]} Be7 {[%emt 0:00:02]} 11. Qd2 {[%emt 0:00:01]} d4 {[%emt 0:00:01]} 12. Bxf6 {[%emt 0:00:04]} Bxf6 {[%emt 0:00:02]} 13. Ne4 {[%emt 0:00:01]} Bxe4 {[%emt 0:00:01]} 14. dxe4 {[%emt 0:00:00]} O-O {[%emt 0:00:02]} 15. O-O-O {[%emt 0:00:03]} Re8 {[%emt 0:00:01]} 16. Bd3 {[%emt 0:00:06]} a6 {[%emt 0:00:01]} 17. Kb1 {[%emt 0:00:01]} b5 {[%emt 0:00:02]} 18. e5 {[%emt 0:00:03]} Bxe5 {[%emt 0:00:03]} 19. Be4 {[%emt 0:00:02]} Qd6 {[%emt 0:00:06]} 20. Qg5 {[%emt 0:00:06]} Bf4 {[%emt 0:00:06]} 21. Qf5 {[%emt 0:00:02]} g6 {[%emt 0:00:05]} 22. Qd5 {[%emt 0:00:04]} Qxd5 {[%emt 0:00:04]} 23. Bxd5 {[%emt 0:00:00]} Rac8 {[%emt 0:00:01]} 24. Rde1 {[%emt 0:00:02]} Ne7 {[%emt 0:00:03]} 25. Be4 {[%emt 0:00:04]} Rc7 {[%emt 0:00:04]} 26. Nd2 {[%emt 0:00:03]} Bxd2 {[%emt 0:00:03]} 27. Re2 {[%emt 0:00:00]} Bf4 {[%emt 0:00:01]} 28. f3 {[%emt 0:00:01]} Kf8 {[%emt 0:00:00]} 29. Rhe1 {[%emt 0:00:00]} Ng8 {[%emt 0:00:01]} 30. b3 {[%emt 0:00:01]} Rce7 {[%emt 0:00:01]} 31. Bd3 {[%emt 0:00:01]} c4 {[%emt 0:00:02]} 32. Bxc4 {[%emt 0:00:01]} Rxe2 {[%emt 0:00:01]} 33. Rxe2 {[%emt 0:00:01]} Rxe2 {[%emt 0:00:01]} 34. Bxe2 {[%emt 0:00:00]} b4 {[%emt 0:00:00]} 35. Kb2 {[%emt 0:00:00] Time} 1-0

[Event "Stay Safe Play From Home 164"]
[Site "T#646228Emanuel Laske"]
[Date "2020.05.21"]
[Round "6"]
[White "Mandy"]
[Black "Aleckst"]
[Result "0-1"]
[WhiteElo "901"]
[BlackElo "1379"]
[Annotator "NA"]
[PlyCount "44"]
[EventDate "2020.05.21"]
[EventType "swiss (blitz)"]

1. d4 {[%emt 0:00:03]} d5 {[%emt 0:00:01]} 2. Bf4 {[%emt 0:00:01]} e6 {[%emt 0:00:01]} 3. e3 {[%emt 0:00:01]} Bd6 {[%emt 0:00:00]} 4. Bg3 {[%emt 0:00:03]} Bxg3 {[%emt 0:00:01]} 5. hxg3 {[%emt 0:00:05]} Nf6 {[%emt 0:00:00]} 6. Nf3 {[%emt 0:00:01]} Nbd7 {[%emt 0:00:00]} 7. Be2 {[%emt 0:00:03]} b6 {[%emt 0:00:00]} 8. c3 {[%emt 0:00:01]} Bb7 {[%emt 0:00:00]} 9. Nbd2 {[%emt 0:00:01]} h6 {[%emt 0:00:02]} 10. O-O {[%emt 0:00:02]} g5 {[%emt 0:00:03]} 11. Qc2 {[%emt 0:00:03]} Ne4 {[%emt 0:00:02]} 12. Ne5 {[%emt 0:00:05]} Nxe5 {[%emt 0:00:02]} 13. dxe5 {[%emt 0:00:03]} h5 {[%emt 0:00:04]} 14. Bb5+ {[%emt 0:00:01]} c6 {[%emt 0:00:02]} 15. Bd3 {[%emt 0:00:04]} Nxd2 {[%emt 0:00:02]} 16. Qxd2 {[%emt 0:00:04]} h4 {[%emt 0:00:00]} 17. g4 {[%emt 0:00:03]} h3 {[%emt 0:00:02]} 18. gxh3 {[%emt 0:00:05]} Rxh3 {[%emt 0:00:02]} 19. Kg2 {[%emt 0:00:02]} Rh4 {[%emt 0:00:02]} 20. Kg3 {[%emt 0:00:02]} Ke7 {[%emt 0:00:01]} 21. Qe2 {[%emt 0:00:02]} Qh8 {[%emt 0:00:02]} 22. e4 {[%emt 0:00:04]} Rh3+ {[%emt 0:00:01] Zeit (Lag: Av=0.46s, max=0.9s)} 0-1

[Event "Stay Safe Play From Home 164"]
[Site "T#646228Emanuel Laske"]
[Date "2020.05.21"]
[Round "7"]
[White "Karthikchess"]
[Black "Castlingarrocco"]
[Result "1-0"]
[WhiteElo "2515"]
[BlackElo "2025"]
[Annotator "TA"]
[PlyCount "163"]
[EventDate "2020.05.21"]
[EventType "swiss (blitz)"]

{[%evp 13,162,50,55,18,53,55,39,35,72,86,104,94,52,49,97,35,51,34,80,24,27,-63,-5,-25,-27,-63,0,-96,-90,-110,30,31,62,57,29,-130,68,61,68,0,0,-137,-75,-74,-80,-448,-449,-457,-398,-355,-347,-314,-349,-469,-462,-448,-438,-546,-538,-464,-474,-942,-468,-452,-425,-524,-513,-534,-520,-634,-610,-1290,-523,-762,-745,-712,-535,-766,-772,-734,-594,-595,-321,-321,-295,-281,-149,-144,1560,1635,1707,1664,29973,1370,1092,794,4120,531,496,348,885,529,1930,1923,1767,1604,4133,495,852,426,29987,29988,29988,29989,29990,29989,29989,29989,29988,29989,29989,29990,29992,29992,29993,29994,29995,29994,29995,29994,29995,29994,29995,29995,29996,29996,29997,29998,29998,29997,29999,29997,29997,29997,29999,29997,29998,29998,29998,29999,29999]} 1. Nf3 e6 2. g3 d5 3. Bg2 c6 4. O-O f5 5. d3 Nf6 6. Nbd2 Bc5 7. c4 O-O 8. b3 {[%cal Bb2b3,Bb3b4][%mdl 32] A10: English Opening: Unusual Replies for Black.} Qe7 9. Bb2 Nbd7 {[#]} 10. a3 $146 {White is slightly better.} ({Predecessor:} 10. Qc2 Ng4 11. e4 dxe4 12. dxe4 f4 13. e5 fxg3 14. hxg3 Qf7 15. Rae1 Qh5 16. Bc3 {½-½ (49) Petursson,M (2570)-Jussupow,A (2665) Yerevan 1996}) 10... e5 11. b4 Bb6 12. cxd5 $1 cxd5 13. Nh4 (13. e4 $5) 13... g6 14. e4 (14. Qb3 $1 $16) 14... fxe4 $14 15. dxe4 d4 16. Nc4 (16. Qb3+ $16 Kh8 17. f4) 16... Bc7 $11 17. Kh1 (17. f4 $11) 17... Nb6 (17... b5 $15 18. Nd2 Nb6) 18. Nxb6 (18. Nxe5 $5 Bxe5 19. f4 $15) 18... Bxb6 19. Qd3 Bg4 (19... Bd7 $15) 20. f3 (20. f4 $11) 20... Be6 $17 21. f4 Nd7 (21... Rac8 $17 {aiming for ...Bc4.} 22. Rac1 (22. fxe5 $2 Ng4 $19) 22... Rxc1 23. Bxc1 exf4 24. Bxf4 Ng4) 22. f5 $11 gxf5 23. exf5 Bf7 24. Bxb7 $2 {[#]} ({White should try} 24. Qf3 $11) 24... Rab8 $2 (24... Nc5 $1 $17 {[%cal Rc5d3][%mdl 512]} 25. bxc5 Qxb7+ 26. Kg1 Bxc5) 25. Bg2 $14 Rbc8 26. Rae1 (26. Qd2 $14) 26... Bc4 $11 27. Qe4 {[#]} (27. Qd2 $1 $11) 27... Bxf1 ({Better is} 27... Nf6 $1 {[%cal Rf6e4]} 28. Qb1 Bxf1 29. Bxf1 Qc7) 28. Bxf1 $17 Nf6 $36 {[%mdl 2048] Black is in control.} 29. Qxe5 $2 {[%mdl 8192]} (29. Qg2 $17) 29... Qxe5 $19 30. Rxe5 Rc2 31. Re2 d3 32. Rxc2 dxc2 33. Bc4+ Kg7 34. Bb3 Rc8 35. Bc1 Rc3 36. Ba4 Ne4 37. Nf3 (37. Kg2 $142) 37... Nf2+ (37... Rxf3 $142 38. Kg2 Rxf5 39. Bb2+ Nf6) 38. Kg2 Nd3 39. f6+ Kxf6 40. Bg5+ Kg6 41. Be8+ Kg7 42. Nh4 c1=Q (42... Ne1+ $142 43. Kh3 Be3 44. Nf5+ Kf8) 43. Nf5+ {[#]} Kf8 $1 44. Bxc1 Rxc1 45. Bh5 Rc2+ 46. Kf3 Rc3 47. Ke4 Nc5+ 48. bxc5 Bxc5 {[%mdl 4096] Endgame KRB-KBN} ({Don't do} 48... Rxc5 49. Bd1 $19) 49. a4 Ra3 (49... Rc4+ $19 50. Kd5 Rxa4) 50. Bd1 $17 Rxa4+ $2 {[%mdl 8192]} (50... Ra1 $17 51. Bc2 Ra2) 51. Bxa4 $18 a5 52. Kd5 Kf7 53. g4 (53. Nh6+ $142 Kg6 54. Kxc5 Kxh6 55. h4 Kg7 56. g4 Kg6 57. Kd6 Kf7 58. Bb3+ Kf6 59. g5+ Kg6 60. Bc2+ Kh5 61. Bxh7) 53... Bf2 54. h4 Kg6 55. h5+ Kg5 56. Bd1 Kf6 $2 (56... a4 57. Bxa4 Kxg4) 57. Ke4 a4 58. Kf3 a3 59. Bb3 Bc5 60. Ba2 (60. Kf4 $142 {[%csl Gf4][%cal Rg4g5]} h6 61. Nxh6 Bd6+ 62. Ke4) 60... Bb4 (60... Bf8 $142 61. Kf4 h6) 61. Ng3 Bc3 (61... h6 $18 62. Nf5 Bf8) 62. Ne4+ {[%mdl 64] Double Attack. White mates.} Ke5 63. Nxc3 Kd4 64. Nb5+ Kc5 65. Nxa3 Kb4 66. g5 Kxa3 67. g6 Kxa2 {KPP-KP} 68. g7 h6 69. g8=Q+ Kb1 70. Qg6+ Ka1 71. Qxh6 Kb1 72. Qg6+ Ka1 73. h6 Ka2 74. h7 Ka1 75. h8=Q+ Ka2 76. Qhh7 Ka1 77. Qhf7 Kb2 78. Qge6 Ka3 79. Qfd7 Kb2 80. Qec6 Ka1 81. Qdb7 {[%cal Rc6a6]} Ka2 82. Qca6# {Never resign too early! Accuracy: White = 42%, Black = 32%.} 1-0

[Event "Stay Safe Play From Home 164"]
[Site "T#646228Emanuel Laske"]
[Date "2020.05.21"]
[Round "7"]
[White "Lazieri3"]
[Black "SoulofWolf"]
[Result "0-1"]
[WhiteElo "2129"]
[BlackElo "2127"]
[Annotator "TA"]
[PlyCount "86"]
[EventDate "2020.05.21"]
[EventType "swiss (blitz)"]

{[%evp 9,86,-33,0,-6,-6,-16,10,-14,-13,-40,0,-22,22,-25,-15,-171,-164,-183,-99,-220,-124,-150,-151,-151,-34,-29,-20,-116,-59,-75,-51,-147,-54,-296,-294,-455,-412,-764,-625,-1002,-968,-29985,-29986,-29986,-965,-29992,-29993,-29993,-29990,-29990,-29988,-29988,-29989,-29992,-29991,-29991,-29992,-29992,-29993,-29993,-29994,-29994,-29986,-29982,997,953,1749,1700,1521,1389,1608,1576,1332,-535,-371,-370,-330,-326,-297]} 1. e4 d5 2. Nc3 d4 3. Nce2 c5 4. d3 Nc6 5. g3 g6 6. Bg2 {A00: Irregular Openings.} Bg7 7. Bd2 e6 8. Qc1 {[#] The position is equal.} Nge7 $146 ({Predecessor:} 8... Bd7 9. Nh3 h6 10. f4 f5 11. e5 Nge7 12. Nhg1 Qc7 13. a3 Rc8 14. Nf3 Nd5 {½-½ (58) Elamri,L (1921)-Cafolla,P (2080) Gibraltar 2006}) 9. Bh6 Bf6 10. Bg5 Be5 11. f4 Bg7 12. f5 $2 (12. Bxe7 $11 {and White is okay.} Qxe7 13. e5) 12... exf5 $19 13. Bh6 Bf6 ({Better is} 13... Bxh6 $19 14. Qxh6 fxe4 15. Bxe4 Nb4) 14. Bg5 (14. Nf3 $17) 14... Be5 (14... Bxg5 $19 15. Qxg5 Nb4) 15. exf5 Bxf5 16. Nf3 Bd6 (16... Bg7 $17 17. O-O O-O) 17. Bf6 $15 Rg8 18. Qh6 (18. O-O $11) 18... Qd7 (18... Nb4 $1 $17 {[%cal Rb4c2]} 19. O-O-O Nbd5) 19. Ng5 O-O-O 20. Nxf7 (20. O-O $1 $15) 20... Rde8 (20... Rdf8 $17 21. Nxd6+ Qxd6) 21. Qxh7 $2 (21. O-O $15) 21... Bc7 $19 22. O-O-O (22. Nh6 $142 Qe6 23. Bg5) 22... Rgf8 23. Bg5 (23. Kb1 $142) 23... Nd5 24. Bxd5 Qxd5 25. Nh6 Rxe2 26. Rhe1 {[#]} Qe6 (26... Rxc2+ $142 $1 {[%mdl 512]} 27. Kxc2 Qc4+ 28. Kb1 {[#]} Nb4 $1 {[%mdl 576] Double Attack} 29. Qd7+ {[%mdl 64] Decoy} Kxd7 30. Re7+ Kc8 $1 {[%mdl 512]} 31. Rxc7+ {[%mdl 64] Remove Defender} Kxc7 32. Bf4+ Kd7 $1 {[%mdl 512]} 33. Nxf5 Qc2+ $1 {[%mdl 576] Double Attack} 34. Ka1 Qxd1+ 35. Bc1 Qxc1#) 27. Bf4 Bxf4+ 28. gxf4 Rxe1 29. Nxf5 Rxd1+ 30. Kxd1 gxf5 31. b3 Re8 {[%csl Ge8][%cal Re6e1]} 32. Kc1 Nb4 33. Kb2 {[#]} Qe2 $1 34. Qxf5+ {[#]} Kb8 $1 35. Qxc5 Rc8 36. Qe5+ Ka8 $4 {[%mdl 8192]} (36... Qxe5 {and life is good for Black.} 37. fxe5 Rxc2+ {[%mdl 64] Double Attack} 38. Kb1 Rxh2 39. a3 Nxd3 40. e6 Kc7 41. b4 Nf4 42. e7 Kd7 43. Kc1 Kxe7 44. Kd1 d3 45. Ke1 Nd5 46. Kf1 d2 47. Kg1 Re2 48. Kh1 d1=Q#) 37. Qxe2 $18 {[%mdl 4096] Endgame KQ-KRN} Nd5 38. f5 Nc3 39. Qd2 a5 40. f6 a4 41. Qxc3 $4 {[%mdl 8192]} (41. Qg5 $18 {avoids the disaster.} b6 42. f7) 41... a3+ 42. Kxa3 dxc3 43. f7 Rf8 {A wild game. Accuracy: White = 30%, Black = 45%.} 0-1